<?xml version="1.0" encoding="UTF-8"?>
<record
    xmlns:xsi="http://www.w3.org/2001/XMLSchema-instance"
    xsi:schemaLocation="http://www.loc.gov/MARC21/slim http://www.loc.gov/standards/marcxml/schema/MARC21slim.xsd"
    xmlns="http://www.loc.gov/MARC21/slim">

  <leader>02049cam a2200349 a 4500</leader>
  <controlfield tag="001">907876</controlfield>
  <controlfield tag="003">OSt</controlfield>
  <controlfield tag="005">20230608101450.0</controlfield>
  <controlfield tag="008">820102s1981    gw       b    000 0 eng  </controlfield>
  <datafield tag="010" ind1=" " ind2=" ">
    <subfield code="a">   81189515 </subfield>
  </datafield>
  <datafield tag="015" ind1=" " ind2=" ">
    <subfield code="a">GFR81</subfield>
  </datafield>
  <datafield tag="020" ind1=" " ind2=" ">
    <subfield code="a">3167437529</subfield>
  </datafield>
  <datafield tag="040" ind1=" " ind2=" ">
    <subfield code="a">DLC</subfield>
    <subfield code="c">DLC</subfield>
    <subfield code="d">DLC</subfield>
    <subfield code="d">OCoLC</subfield>
  </datafield>
  <datafield tag="043" ind1=" " ind2=" ">
    <subfield code="a">e-gx---</subfield>
  </datafield>
  <datafield tag="050" ind1="0" ind2="0">
    <subfield code="a">DS135.G33</subfield>
    <subfield code="b">R44</subfield>
  </datafield>
  <datafield tag="082" ind1="0" ind2="0">
    <subfield code="a">948.2</subfield>
    <subfield code="b">ROB</subfield>
  </datafield>
  <datafield tag="245" ind1="0" ind2="0">
    <subfield code="a">Revolution and evolution, 1848 in German-Jewish history /</subfield>
    <subfield code="c">edited by Werner E. Mosse, Arnold Paucker, Reinhard R&#xFC;rup.</subfield>
  </datafield>
  <datafield tag="260" ind1=" " ind2=" ">
    <subfield code="a">T&#xFC;bingen :</subfield>
    <subfield code="b">Mohr,</subfield>
    <subfield code="c">1981.</subfield>
  </datafield>
  <datafield tag="300" ind1=" " ind2=" ">
    <subfield code="a">xii, 431 ;</subfield>
    <subfield code="c">24 cm.</subfield>
  </datafield>
  <datafield tag="440" ind1=" " ind2="0">
    <subfield code="a">Schriftenreihe wissenschaftlicher Abhandlungen des Leo Baeck Instituts,</subfield>
    <subfield code="x">0459-097X ;</subfield>
    <subfield code="v">39</subfield>
  </datafield>
  <datafield tag="504" ind1=" " ind2=" ">
    <subfield code="a">Includes bibliographical references and indexes.</subfield>
  </datafield>
  <datafield tag="505" ind1="0" ind2=" ">
    <subfield code="a">The European revolutions of 1848 and Jewish emancipation / Reinhard R&#xFC;rup -- Emancipation and population change / Lawrence Schofer -- Emancipation and continuity : German Jews in the rural economy / Monika Richarz -- The German Jews at the start of industrialisation / Avraham Barkai -- Family structure and the position of Jewish women / Julius Carlebach -- Emancipation and the crisis of religious authority : the emergence of the modern rabbinate / Ismar Schorsch -- The 1840s and the creation of the German-Jewish religious reform movement /Steven M. Lowenstein -- German-Jewish social thought in the mid-nineteenth century / Uriel Tal -- Religious dissent and tolerance in the 1840s / Hermann Greive -- Heine's portraits of German and French Jews on the eve of the 1848 Revolution / S.S Prawer -- The revolution of 1848 : Jewish emancipation in Germany and its limits / Werner E. Mosse.</subfield>
  </datafield>
  <datafield tag="650" ind1=" " ind2="0">
    <subfield code="a">Jews</subfield>
    <subfield code="z">Germany</subfield>
    <subfield code="x">History</subfield>
    <subfield code="y">1800-1933.</subfield>
  </datafield>
  <datafield tag="650" ind1=" " ind2="0">
    <subfield code="a">Judaism</subfield>
    <subfield code="z">Germany</subfield>
    <subfield code="x">History</subfield>
    <subfield code="y">19th century.</subfield>
  </datafield>
  <datafield tag="651" ind1=" " ind2="0">
    <subfield code="a">Germany</subfield>
    <subfield code="x">History</subfield>
    <subfield code="y">Revolution, 1848-1849.</subfield>
  </datafield>
  <datafield tag="651" ind1=" " ind2="0">
    <subfield code="a">Germany</subfield>
    <subfield code="x">Ethnic relations.</subfield>
  </datafield>
  <datafield tag="700" ind1="1" ind2=" ">
    <subfield code="a">Mosse, Werner Eugen.</subfield>
  </datafield>
  <datafield tag="700" ind1="1" ind2=" ">
    <subfield code="a">Paucker, Arnold.</subfield>
  </datafield>
  <datafield tag="700" ind1="1" ind2=" ">
    <subfield code="a">R&#xFC;rup, Reinhard.</subfield>
  </datafield>
  <datafield tag="906" ind1=" " ind2=" ">
    <subfield code="a">7</subfield>
    <subfield code="b">cbc</subfield>
    <subfield code="c">orignew</subfield>
    <subfield code="d">2</subfield>
    <subfield code="e">ncip</subfield>
    <subfield code="f">19</subfield>
    <subfield code="g">y-gencatlg</subfield>
  </datafield>
  <datafield tag="942" ind1=" " ind2=" ">
    <subfield code="2">ddc</subfield>
    <subfield code="c">BK</subfield>
  </datafield>
  <datafield tag="999" ind1=" " ind2=" ">
    <subfield code="c">836</subfield>
    <subfield code="d">836</subfield>
  </datafield>
</record>
